000 00355nam a2200145Ia 4500
005 20240619052735.0
008 240331s9999 xx 000 0 und d
082 _bGAN
_a891.48
100 _aGanesalingan, S
245 0 _aIru mugam
_cS, Ganeshalingan
260 _aChennai
_bKumaran Publishers
_c2004
300 _a200 p .,
650 _aSocial
942 _cL
999 _c3899
_d3899